| 000 | 00000nas 2200000za 4500 |
| 001 | 9.842817 |
| 003 | CaOODSP |
| 005 | 20251103145407 |
| 006 | m o d f |
| 007 | cr ||||||||||| |
| 008 | 170831c20169999oncux m o f0 b0fre|d |
| 040 | |aCaOODSP|bfre|erda|cCaOODSP |
| 043 | |an-cn--- |
| 086 | 1 |aD97-1F-PDF |
| 130 | 0 |aSérie sensibilisation (Centre de la sécurité des télécommunications (Canada)) |
| 245 | 10|aSérie sensibilisation. |
| 264 | 1|a[Ottawa] : |bCentre de la sécurité des télécommunications = Communications Security Establishment, |c2016- |
| 310 | |aIrrégulier |
| 336 | |atexte|btxt|2rdacontent/fre |
| 337 | |ainformatique|bc|2rdamedia/fre |
| 338 | |aressource en ligne|bcr|2rdacarrier/fre |
| 362 | 1 |aParaît depuis : ITSAP.00.001, Juin 2016. |
| 500 | |aPublié aussi en anglais sous le titre : Awareness series. |
| 692 | 07|2gccst|aCommunications |
| 692 | 07|2gccst|aSécurité |
| 692 | 07|2gccst|aGouvernement fédéral |
| 710 | 2 |aCentre de la sécurité des télécommunications (Canada) |
| 775 | 08|tAwareness series. |w(CaOODSP)9.842810 |